000 00985naa a22003017a 4500
001 BR8106792
003 BR-BrBNA
005 20240918175022.0
007 ta
008 230509b bl.||||| |||| 00| 0 por d
040 _aBR-BrBNA
_bpor
_cBiblioteca Nacional de Agricultura
041 _a(Pt)
072 _aF10; F60
_b0336
_bG514
090 _aF10 BR8106792
100 1 _aIde, B.Y.
100 1 _aAlthoff, D.A.
100 1 _aUberti, A.A.A.
100 1 _aThome, V.R.M.
245 1 _aNo estado de Santa Catarina [soja, Glycine max, zoneamento climatico, Brasil]
_bCapitulo 5 - Exigencias bioclimaticas e zoneamento agroclimatico
260 3 _aSao Paulo, SP (Brasil):
_c1981.
500 _aMiyasaka, S.; Medina, J.C. (eds.) A soja no Brasil Sao Paulo, SP (Brasil): 1981. p. 191-193 (BR8106792-AM)F10
650 _aSOJA
650 _aAPTIDAO CLIMATICA
650 _aTEMPERATURA
650 _aSANTA CATARINA
909 _a202404
_bLucia
_c55
_dLucia Elande
942 _cAM
_2AGRIS
999 _c314597
_d314597